Winning Strategies. (Record no. 12251)

MARC details
000 -LEADER
fixed length control field 00347nam a2200145Ia 4500
008 - FIXED-LENGTH DATA ELEMENTS--GENERAL INFORMATION
fixed length control field 220803s9999 xx 000 0 und d
020 ## - INTERNATIONAL STANDARD BOOK NUMBER
International Standard Book Number 9788120727229
041 ## - LANGUAGE CODE
Language code of text/sound track or separate title eng
082 ## - DEWEY DECIMAL CLASSIFICATION NUMBER
Classification number 823 KHE
100 ## - MAIN ENTRY--PERSONAL NAME
Personal name Khera S
9 (RLIN) 17337
245 ## - TITLE STATEMENT
Title Winning Strategies.
260 ## - PUBLICATION, DISTRIBUTION, ETC. (IMPRINT)
Name of publisher, distributor, etc. Sterling Publishers
300 ## - PHYSICAL DESCRIPTION
Extent 47p
650 ## - SUBJECT ADDED ENTRY--TOPICAL TERM
Topical term or geographic name as entry element English Literature
9 (RLIN) 17338
Holdings
Withdrawn status Lost status Damaged status Not for loan Home library Current library Shelving location Date acquired Vendor Cost, normal purchase price Total Checkouts Full call number Barcode Date last seen Cost, replacement price Bill Date Koha item type Original Barcode
        Dr. Bhanuben Nanavati College of Architecture Dr. Bhanuben Nanavati College of Architecture   09/05/2005 Qualified Learning Systems Ltd-- 167.00   823 KHE BNCA-BK-4539 03/08/2022 167.00 03/08/2022 Books B004539